000 00774nam a2200217Ia 4500
001 7336
003 GE_BSU
008 181216s||||||||xx |||||||||||||| ||und||
020 _a9789941179570
040 _cGE_BSU
080 _a929(092)
100 _aფეიქრიშვილი ჟუჟუნა. რედ-შემდგ.
245 _aსრულყოფილებასთან ახლოს-ასეთი იყო ქეთევან ძოწენიძე.
260 _aთბილისი.
260 _bუნივერსალი.
260 _c2013.
300 _a167 გვ; 20 სმ.
300 _bილ.
653 _aსრულყოფილებასთან ახლოს-ასეთი იყო.
942 _cBK
999 _c40700
_d40700